| 000 | 01508nam a2200265 i 4500 | ||
|---|---|---|---|
| 003 | DO-SdBNP | ||
| 005 | 20250611073818.0 | ||
| 006 | a||||fr|||| 00| 0 | ||
| 007 | ta | ||
| 008 | 240515e2023 dr ||||| ||||o00| 0 spa d | ||
| 020 | _a9789945935806 | ||
| 040 |
_aDO-SdBNP _bspa _cBNPHU _erda |
||
| 082 | 4 |
_222 _bR426re |
|
| 110 | 1 |
_aRepública Dominicana. _bMinisterio de Salud Pública _980830 |
|
| 245 |
_aReglamento interno del Consejo Nacional de Bioética en salud de la República Dominicana (CONABIO) / _cDiseño, diagramación y cuidado de edición, Esmerlin R. Durán. |
||
| 264 | 1 |
_aSanto Domingo : _bMinisterio de Salud Pública (MSP), _c2023 |
|
| 300 |
_a23 páginas ; _c21 cm. |
||
| 336 |
_2rdacontent _atexto _btxt |
||
| 337 |
_2rdamedia _asin mediación _bn |
||
| 338 |
_2rdacarrier _avolumen _bnc |
||
| 500 | _aAprobado y puesto en vigencia por la Resolución 0001-2023 de fecha 21 de abril de 2023, del Ministerio de Salud Pública y Asistencia Social. | ||
| 505 |
_aResolución 0001-2023 de fecha 21 de abril de 2023 que pone en vigencia el Reglamento Interno del CONABIOS..-- Preámbulo. _tCapítulo I: Disposciciones Generales. Objeto de esta Reglamentación.-- Capítulo II: del Consejo Nacional de Bioética En Salud (Conabios).-- Capítulo III: Organización de CONABIOS.-- Capítulo IV: de las Sesiones.-- Capítulo V: de las Actas.-- Capítulo VI: Documentación y Archivo.-- Capítulo VII: Educación Continua de los Miembros. |
||
| 590 | _aInventariado 2024 / MF | ||
| 942 |
_2ddc _cLF2 |
||
| 999 |
_c56675 _d56675 |
||